[Event "SVK-ch Blitz"]
[Site "Nitra"]
[Date "2022.10.29"]
[Round "5"]
[White "Manik, Mikulas"]
[Black "Mikulas, Dusan"]
[Result "1-0"]
[WhiteElo "2415"]
[BlackElo "2016"]
[PlyCount "75"]
[EventDate "2022.10.29"]
[EventType "swiss"]
[EventRounds "13"]
[EventCountry "SVK"]
[SourceTitle "EXT 2024"]
[Source "ChessBase"]
[SourceDate "2023.10.10"]
[SourceVersion "1"]
[SourceVersionDate "2023.10.10"]
[SourceQuality "1"]

1. e4 e5 2. Nf3 Nc6 3. Bb5 a6 4. Ba4 Nf6 5. 0-0 Be7 6. d3 b5 7. Bb3 d6 8. a3 0-0 9. h3 Na5 10. Ba2 c5 11. Bg5 h6 12. Bxf6 Bxf6 13. Nc3 Be6 14. Nd5 Bxd5 15. Bxd5 Rc8 16. c3 Nc6 17. a4 b4 18. Nd2 a5 19. Re1 Ne7 20. Bb3 g6 21. Nc4 Bg7 22. Rc1 Kh7 23. cxb4 axb4 24. a5 f5 25. a6 Nc6 26. Ra1 Ra8 27. Ne3 Nd4 28. Bd5 Ra7 29. exf5 gxf5 30. Nc2 Qg5 31. Nxd4 cxd4 32. Bb7 e4 33. dxe4 Be5 34. exf5 Rg8 35. Qf3 d3 36. Rad1 d2 37. Re2 Bf4 38. Re4 1-0

[Event "Bratislava Slovakia op"]
[Site "Bratislava"]
[Date "2022.10.01"]
[Round "7"]
[White "Hnatyshyn, Anastasiya"]
[Black "Mikulas, Dusan"]
[Result "1-0"]
[WhiteElo "2090"]
[BlackElo "2047"]
[PlyCount "107"]
[EventDate "2022.09.30"]
[EventType "swiss (rapid)"]
[EventRounds "9"]
[EventCountry "SVK"]
[SourceTitle "CBM 210 Extra"]
[Source "ChessBase"]
[SourceDate "2022.11.30"]
[SourceVersion "1"]
[SourceVersionDate "2022.11.30"]
[SourceQuality "1"]

1. e4 c5 2. Nf3 d6 3. d4 cxd4 4. Nxd4 Nf6 5. Nc3 Nc6 6. Bg5 e6 7. Qd2 a6 8. 0-0-0 Bd7 9. f3 Rc8 10. Kb1 Be7 11. g4 b5 12. Be3 Nxd4 13. Bxd4 b4 14. Ne2 e5 15. Be3 Qa5 16. g5 Be6 17. Nc1 Nd7 18. Nb3 Qa4 19. h4 Nc5 20. Bh3 Qc6 21. Bxe6 Nxe6 22. Rh2 a5 23. Nxa5 Qa4 24. Nb3 Ra8 25. Nc1 0-0 26. h5 Rfc8 27. b3 Qa3 28. g6 Nd4 29. Bxd4 exd4 30. gxf7+ Kxf7 31. Qf4+ Bf6 32. Qxd6 d3 33. e5 dxc2+ 34. Rxc2 Rxc2 35. Kxc2 Be7 36. Qd5+ Kf8 37. Qe6 Qa7 38. Kb1 Qc5 39. Qd5 Qa7 40. Rd4 Rd8 41. Rf4+ Ke8 42. Qf7+ Kd7 43. e6+ Kc8 44. Rxb4 Rf8 45. Rc4+ Kb8 46. Qxg7 Rd8 47. Qxh7 Qa3 48. Qc2 Qa5 49. Qe4 Rd6 50. Ra4 Qc5 51. Qa8+ Kc7 52. Ra7+ Qxa7 53. Qxa7+ Kd8 54. Qb8# 1-0

[Event "Tatranska Lomnica Tatry op"]
[Site "Tatranska Lomnica"]
[Date "2021.10.02"]
[Round "1"]
[White "Mikulas, Dusan"]
[Black "Kusa, Jakub"]
[Result "1/2-1/2"]
[WhiteElo "2003"]
[BlackElo "2303"]
[PlyCount "65"]
[EventDate "2021.10.02"]
[EventType "swiss"]
[EventRounds "9"]
[EventCountry "SVK"]
[SourceTitle "EXT 2023"]
[Source "ChessBase"]
[SourceDate "2022.10.05"]
[SourceVersion "1"]
[SourceVersionDate "2022.10.05"]
[SourceQuality "1"]

1. e4 e5 2. Nf3 Nc6 3. Nc3 Nf6 4. d4 exd4 5. Nxd4 Bb4 6. Nxc6 bxc6 7. Bd3 d5 8. exd5 0-0 9. 0-0 Bg4 10. Be2 Bxe2 11. Nxe2 cxd5 12. Bg5 Be7 13. Ng3 h6 14. Bf4 Bd6 15. Qd2 Re8 16. Rfe1 Qd7 17. h3 Rad8 18. Bxd6 Qxd6 19. Rxe8+ Rxe8 20. Re1 Rxe1+ 21. Qxe1 c5 22. Qc3 g6 23. a3 d4 24. Qc4 a5 25. Qb5 Qc7 26. Ne4 Nxe4 27. Qe8+ Kg7 28. Qxe4 a4 29. Qd5 Qa5 30. Qe5+ Kh7 31. Qe7 Kg7 32. Qe5+ Kg8 33. Qe8+ 1/2-1/2

[Event "SVK-ch 65"]
[Site "Tatranske Matliare"]
[Date "2019.05.30"]
[Round "7"]
[White "Valtera, Jiri"]
[Black "Mikulas, Dusan"]
[Result "0-1"]
[WhiteElo "1935"]
[BlackElo "1990"]
[PlyCount "96"]
[EventDate "2019.05.25"]
[EventType "swiss"]
[EventRounds "9"]
[EventCountry "SVK"]
[SourceTitle "CBM 190 Extra"]
[Source "ChessBase"]
[SourceDate "2019.07.15"]
[SourceVersion "1"]
[SourceVersionDate "2019.07.15"]
[SourceQuality "1"]

1. e4 e5 2. Nf3 Nc6 3. Nc3 Nf6 4. Bb5 d6 5. h3 Bd7 6. d4 exd4 7. Nxd4 Be7 8. Be3 a6 9. Nxc6 bxc6 10. Bd3 0-0 11. 0-0 Re8 12. Qf3 a5 13. Rfe1 Rb8 14. b3 c5 15. Nd5 Nxd5 16. exd5 Bf6 17. Rad1 Bc3 18. Re2 a4 19. Bd2 Rxe2 20. Qxe2 Bxd2 21. Qxd2 axb3 22. axb3 Ra8 23. Re1 Qf6 24. Qe3 Kf8 25. Qg3 g6 26. Qe3 Ra1 27. Rxa1 Qxa1+ 28. Kh2 Qe5+ 29. Qxe5 dxe5 30. f3 Ke7 31. Kg3 Kd6 32. c4 f5 33. Kf2 c6 34. dxc6 Bxc6 35. Ke3 Ke6 36. g4 Kf6 37. h4 h6 38. Bc2 Bd7 39. Bd1 f4+ 40. Kd3 g5 41. h5 Bc6 42. Be2 Ke6 43. Bd1 Kd6 44. Kc3 e4 45. fxe4 Bxe4 46. b4 cxb4+ 47. Kxb4 f3 48. c5+ Ke5 0-1

[Event "SVK-chT2A 1718"]
[Site "Slovakia"]
[Date "2018.03.18"]
[Round "11.5"]
[White "Mikulas, Dusan"]
[Black "Sobek, Michal"]
[Result "0-1"]
[WhiteElo "2039"]
[BlackElo "1969"]
[PlyCount "52"]
[EventDate "2017.10.28"]
[EventType "team-tourn"]
[EventRounds "11"]
[EventCountry "SVK"]
[SourceTitle "EXT 2020"]
[Source "ChessBase"]
[SourceDate "2019.10.17"]
[SourceVersion "1"]
[SourceVersionDate "2019.10.17"]
[SourceQuality "1"]
[WhiteTeam "Bratislava Slovan IV"]
[BlackTeam "Modra II"]
[WhiteTeamCountry "SVK"]
[BlackTeamCountry "SVK"]

1. e4 c5 2. Nf3 Nc6 3. d4 cxd4 4. Nxd4 g6 5. Nc3 Bg7 6. Be3 Nf6 7. Nb3 a5 8. a4 0-0 9. Be2 d5 10. exd5 Nb4 11. Bf3 Bf5 12. Nd4 Nfxd5 13. Nxd5 Bxd4 14. Bxd4 Nxc2+ 15. Ke2 Nxa1 16. Qxa1 Be6 17. Bb6 Qd6 18. Qa3 Bxd5 19. Qxd6 Bxf3+ 20. Kxf3 exd6 21. Rd1 Rfe8 22. Rxd6 Re6 23. Rxe6 fxe6 24. Ke4 Ra6 25. Bc7 Kf7 26. Be5 Rc6 0-1

[Event "SVK-chT2A 1718"]
[Site "Slovakia"]
[Date "2018.02.25"]
[Round "9.5"]
[White "Mikulas, Dusan"]
[Black "Slaba, Andrea"]
[Result "1-0"]
[WhiteElo "2039"]
[BlackElo "1905"]
[PlyCount "73"]
[EventDate "2017.10.28"]
[EventType "team-tourn"]
[EventRounds "11"]
[EventCountry "SVK"]
[SourceTitle "EXT 2020"]
[Source "ChessBase"]
[SourceDate "2019.10.17"]
[SourceVersion "1"]
[SourceVersionDate "2019.10.17"]
[SourceQuality "1"]
[WhiteTeam "Bratislava Slovan IV"]
[BlackTeam "Piestany Loewe"]
[WhiteTeamCountry "SVK"]
[BlackTeamCountry "SVK"]

1. e4 e6 2. d4 d5 3. e5 c5 4. c3 Nc6 5. Nf3 Qb6 6. a3 c4 7. Nbd2 Na5 8. Rb1 Bd7 9. Be2 h6 10. 0-0 Ne7 11. b4 Nac6 12. Bxc4 Ng6 13. Bd3 0-0-0 14. Nb3 Qc7 15. Bc2 Nge7 16. Nc5 g5 17. Nd2 Rg8 18. Ndb3 Ng6 19. g3 Be7 20. a4 h5 21. Bd2 h4 22. b5 Ncxe5 23. dxe5 Bxc5 24. Nxc5 Qxc5 25. Be3 Qc7 26. b6 axb6 27. Bxb6 Qxe5 28. Bxg6 Rxg6 29. Bxd8 Kxd8 30. Rxb7 f5 31. a5 hxg3 32. fxg3 Bc6 33. Rb6 Kc7 34. Qd2 Rg8 35. Qd4 Qxd4+ 36. cxd4 Ra8 37. Rc1 1-0

[Event "SVK-chT2A 1718"]
[Site "Slovakia"]
[Date "2018.01.14"]
[Round "6.6"]
[White "Mikulas, Dusan"]
[Black "Gzib, David"]
[Result "1/2-1/2"]
[WhiteElo "2046"]
[BlackElo "1875"]
[PlyCount "120"]
[EventDate "2017.10.28"]
[EventType "team-tourn"]
[EventRounds "11"]
[EventCountry "SVK"]
[SourceTitle "EXT 2019"]
[Source "ChessBase"]
[SourceDate "2018.10.10"]
[SourceVersion "1"]
[SourceVersionDate "2018.10.10"]
[SourceQuality "1"]
[WhiteTeam "Bratislava Slovan IV"]
[BlackTeam "Bratislava Doprastav II"]
[WhiteTeamCountry "SVK"]
[BlackTeamCountry "SVK"]

1. e4 c5 2. Nf3 Nc6 3. d4 cxd4 4. Nxd4 g6 5. Nc3 Bg7 6. Be3 Nf6 7. Nb3 0-0 8. Be2 d5 9. exd5 Nb4 10. Bf3 Bf5 11. Nd4 Bc8 12. Nde2 Bg4 13. Bxg4 Nxg4 14. Bd4 Bxd4 15. Nxd4 Nf6 16. 0-0 Nbxd5 17. Nce2 Qd7 18. Qd2 Rac8 19. c3 Rfd8 20. Rad1 Qa4 21. a3 Qd7 22. f4 Nb6 23. Ng3 Qg4 24. Rde1 Nc4 25. Qf2 Nd5 26. h3 Qd7 27. Re2 e6 28. Ne4 Kg7 29. Rfe1 a6 30. Ng5 Nc7 31. Qh4 h6 32. Ne4 Nd5 33. Qf2 Qc7 34. Rf1 Nd6 35. Ng3 Nf5 36. Ngxf5+ exf5 37. Re5 Nf6 38. Qg3 Rxd4 39. cxd4 Ne4 40. Qd3 f6 41. Rxe4 fxe4 42. Qxe4 Qd7 43. Re1 Kf7 44. h4 Rd8 45. Rd1 Re8 46. Qf3 f5 47. h5 Re4 48. hxg6+ Kxg6 49. Qb3 Rxf4 50. d5 Qd6 51. Qg3+ Kf6 52. Qe3 Rh4 53. g3 Rh5 54. Re1 Rg5 55. Qe6+ Qxe6 56. Rxe6+ Kf7 57. Rxh6 Rxg3+ 58. Kf2 Rd3 59. Rb6 Rxd5 60. Rxb7+ Ke6 1/2-1/2